000
00292nam a2200109Ia 4500
008
190914s9999||||xx |||||||||||||| ||und||
100
_a
Hopcroft
245
0
_a
Introduction to Automata Theory Languages and Computation
260
_a
Canada
_b
Prentice Hall
_c
2002
300
_a
469
942
_c
BK
999
_c
9852
_d
9852